[Event "Mombasa zt 4.2"]
[Site "Mombasa"]
[Date "2019.05.09"]
[Round "8"]
[White "Bajje, Endashaw Ashame"]
[Black "Mohamed, Ali Djama"]
[Result "1-0"]
[WhiteElo "2018"]
[BlackElo "1682"]
[PlyCount "61"]
[EventDate "2019.05.05"]
[EventType "swiss"]
[EventRounds "9"]
[EventCountry "KEN"]
[SourceTitle "CBM 190 Extra"]
[Source "ChessBase"]
[SourceDate "2019.07.15"]
[SourceVersion "1"]
[SourceVersionDate "2019.07.15"]
[SourceQuality "1"]

1. e4 e5 2. Nf3 Nc6 3. Bc4 Nf6 4. Qe2 Bc5 5. c3 0-0 6. 0-0 d6 7. h3 a5 8. a4 Qe7 9. Bb3 Nd8 10. d3 h6 11. Kh2 Ne6 12. Nh4 Nd8 13. Ng6 Qe8 14. Nxf8 Qxf8 15. f4 Qe7 16. f5 c6 17. c4 Bd7 18. Nc3 Bd4 19. Be3 b6 20. g4 Nh7 21. Qf2 Bxe3 22. Qxe3 Nb7 23. Qxb6 Nc5 24. Bc2 Nf6 25. Rg1 Ra6 26. Qb8+ Ne8 27. b4 axb4 28. Qxb4 Qg5 29. Raf1 Ra7 30. Ne2 Nf6 31. Qb8+ 1-0

[Event "Mombasa zt 4.2"]
[Site "Mombasa"]
[Date "2019.05.09"]
[Round "7"]
[White "Mohamed, Ali Djama"]
[Black "Fidow, Kassim Hassan"]
[Result "0-1"]
[WhiteElo "1682"]
[BlackElo "1643"]
[PlyCount "74"]
[EventDate "2019.05.05"]
[EventType "swiss"]
[EventRounds "9"]
[EventCountry "KEN"]
[SourceTitle "CBM 190 Extra"]
[Source "ChessBase"]
[SourceDate "2019.07.15"]
[SourceVersion "1"]
[SourceVersionDate "2019.07.15"]
[SourceQuality "1"]

1. e4 c5 2. Nf3 e6 3. d4 cxd4 4. Nxd4 Bc5 5. Nb3 Be7 6. Bd3 Nc6 7. 0-0 Nf6 8. f4 h5 9. h3 Qb6+ 10. Kh1 Ng4 11. Qf3 Bh4 12. g3 Be7 13. Kg2 Nf6 14. Be3 Qc7 15. Nc3 a6 16. a4 b6 17. Qf2 Rb8 18. Rae1 Bb4 19. Bd2 Bb7 20. Kh2 Ba8 21. Nd5 exd5 22. exd5+ Kd8 23. dxc6 Bxc6 24. Qd4 Bd6 25. Bc3 Bb7 26. Qe3 Nd5 27. Qd2 h4 28. Be5 hxg3+ 29. Kxg3 f6 30. Bxd6 Qxd6 31. Be4 Qe6 32. Bg2 Qf5 33. Nd4 Qg6+ 34. Kh2 Kc7 35. c4 Nb4 36. Bxb7 Kxb7 37. Qxb4 Rxh3+ 0-1

[Event "Olympiad-43"]
[Site "Batumi"]
[Date "2018.10.04"]
[Round "10.2"]
[White "Bongo Ngombele, Tary"]
[Black "Mohamed, Ali Djama"]
[Result "1-0"]
[WhiteElo "1643"]
[BlackElo "1662"]
[PlyCount "37"]
[EventDate "2018.09.24"]
[EventType "team-swiss"]
[EventRounds "11"]
[EventCountry "GEO"]
[SourceTitle "CBM 187"]
[Source "ChessBase"]
[SourceDate "2018.12.11"]
[SourceVersion "1"]
[SourceVersionDate "2018.12.11"]
[SourceQuality "1"]
[WhiteTeam "Gabun"]
[BlackTeam "Djibouti"]
[WhiteTeamCountry "GAB"]
[BlackTeamCountry "DJI"]

1. e4 e5 2. Nf3 Nc6 3. Bb5 Nf6 4. Nc3 d6 5. d4 exd4 6. Nxd4 Bd7 7. 0-0 Ne5 8. f4 Ng6 9. Re1 Be7 10. e5 dxe5 11. fxe5 Ng4 12. e6 Bxb5 13. exf7+ Kf8 14. Ne6+ Kxf7 15. Nxd8+ Raxd8 16. Qxg4 Bc6 17. Qe6+ Kf8 18. Rf1+ Bf6 19. Rxf6+ 1-0